| 000 | 00000nam##2200000za#4500 |
| 001 | 9.647500 |
| 003 | CaOODSP |
| 005 | 20200401055753 |
| 007 | ta |
| 008 | 150407|2000||||xxc||||| f|0| 0 eng|d |
| 020 | |a0-662-28254-X |
| 040 | |aCaOODSP|beng |
| 043 | |an-cn--- |
| 086 | 1 |aM92-175/1999E |
| 110 | 1 |aCanada.|bNatural Resources Canada. |bEnergy Resources Branch. |
| 245 | 10|aStand-alone windenergy systems: a buyer's guide |
| 260 | |aOttawa - Ontario : |bNatural Resources Canada. |c2000. |
| 300 | |a47p. : |bfigs., illus., tables ; |c28 cm. |
| 500 | |a"The aim of this publication is to provide guidance to readers who wish to assess the benefits and the risks of buying and installing a small-scale wind energy system. Because the subject is complex, and the decision to purchase or install a system depends on many variables, this guide alone does not provide sufficient information to evaluate fully all the aspects of a potential system."--Verso of the title page. |
| 520 | 3 |aThe aim of this publication is to provide guidance to readers who wish to assess the benefits and the risks of buying and installing a small-scale wind energy system. Because the subject is complex, and the decision to purchase or install a system depends on many variables, this guide alone does not provide sufficient information to evaluate fully all the aspects of a potential system.--Verso of the title page |
| 563 | |aSoftcover |
| 590 | |a00-15|b2000-04-14 |
| 690 | 07|aWind energy|2gcpds |
| 690 | 07|aAlternative energy|2gcpds |
| 775 | 08|tLes systèmes éoliens autonomes: guide de l'acheteur |w(CaOODSP)9.680921 |
| 776 | 0#|tStand-alone wind energy systems |w(CaOODSP)9.695429 |